00491nam a2200193 a 4500001001300000003000900013005001700022008004100039020002300080082001500103100001600118245002200134260004200156300000900198500003500207505001000242650002900252700001600281nice12345678IN_TiNIC20260116013310.0050524s1998 dela grp 000 0 eng  a8173050 c40000a297.7bHUG aHughes, T P aOutlines of Islam aDelhibAryan Book Internationalc1998 a169p aincludes index and biblioraphy2 aIndex aIslam-Study and Teaching1 aHughes, T P